| 000 -LEADER |
| fixed length control field |
00591nam a22001817a 4500 |
| 003 - CONTROL NUMBER IDENTIFIER |
| control field |
OSt |
| 005 - DATE AND TIME OF LATEST TRANSACTION |
| control field |
20180519055959.0 |
| 008 - FIXED-LENGTH DATA ELEMENTS--GENERAL INFORMATION |
| fixed length control field |
180226b xxu||||| |||| 00| 0 spa d |
| 020 ## - INTERNATIONAL STANDARD BOOK NUMBER |
| International Standard Book Number |
9703222706 |
| 040 ## - CATALOGING SOURCE |
| Transcribing agency |
PJT |
| 100 ## - ASIENTO PRINCIPAL - NOMBRE DE PERSONA |
| 9 (RLIN) |
598 |
| Personal name |
Herdegen, Matthias |
| 245 10 - MENCIÓN DE TÍTULO |
| Título propiamente dicho |
Derecho internacional público / |
| Mención de responsabilidad, etc |
Matthias Herdegen. |
| 260 ## - PUBLICATION, DISTRIBUTION, ETC. (IMPRINT) |
| Place of publication, distribution, etc |
México : |
| Name of publisher, distributor, etc |
Universidad Nacional Autónoma de México, |
| -- |
Fundación Konrad Adenauer, |
| Date of publication, distribution, etc |
2005. |
| 300 ## - DESCRIPCION FISICA |
| Extent |
439 p. |
| Dimensions |
22 cm. |
| 504 ## - NOTA DE BIBLIOGRAFÍA, ETC. |
| Bibliography, etc |
Bibliografía: p. 435-439. |
| 650 #0 - ASIENTO SECUNDARIO DE MATERIA - TERMINO TEMATICO |
| 9 (RLIN) |
331 |
| Topical term or geographic name as entry element |
DERECHO INTERNACIONAL PUBLICO |
| 942 ## - ADDED ENTRY ELEMENTS (KOHA) |
| Source of classification or shelving scheme |
|
| Koha item type |
Libros |
| Classification part |
341.1/.8 |
| Item part |
HER |